000 00667nam a2200193Ia 4500
008 151121s9999||||xx |||||||||||||| ||und||
082 _a613।7/देसाई
082 _bHNW-70820
100 _aदेसाई शं। भा।
245 _aआरोग्यासाठी योगासने
260 _b"कौशिक, सातारा।"
260 _c--
300 _a156
600 _aदेसाई शं। भा।
630 _aआरोग्यासाठी योगासने
700 _aदेसाई शं। भा।
730 _aआरोग्यासाठी योगासने
942 _cBOOK
999 _c1252293
_d1252290